| 000 | 00819nam a2200241 a 4500 | ||
|---|---|---|---|
| 005 | 20210223130616.0 | ||
| 008 | 080918s1980 mx r 000 0 spa d | ||
| 035 | _aUPN01000159680 | ||
| 049 | _aUNE | ||
| 080 | _a372.363 (100) =40 CRE No.21. | ||
| 100 | 1 | _aCrellin, Cecil T. | |
| 245 | 0 |
_aJouets et autre equipment educatif pour la premiere enfance : _bsuggestions / _cCecil T. Crellin. |
|
| 260 |
_aParis : _bUNESCO; _aNew York : _bUNICEF; _aRome : _bPAM, _c1980. |
||
| 300 | _a5 p. | ||
| 440 | 0 |
_aNotes, comments...; _v21. |
|
| 500 | _aIncluye bibliografía. | ||
| 690 | _aEducacion preescolar- Juguetes educativos | ||
| 690 | _aProcesos de aprendizaje- Juguetes- Educacion preescolar | ||
| 710 | 2 | _aUNESCO | |
| 710 | 2 |
_aUNICEF _924085 |
|
| 710 | 2 | _aWFP. Programa Mundial de Alimentación. | |
| 905 | _aUNESCO | ||
| 999 |
_c131794 _d131794 |
||